Where's That US City? Map Click #3 - Statistics

General Stats
  • This quiz has been taken 1,769 times
  • The average score is 15 of 25
Answer Stats
Hint Answer % Correct
Where is... Columbus?
77%
Where is... Baltimore?
77%
Where is... Juneau?
77%
Where is... Providence?
75%
Where is... Santa Fe?
74%
Where is... Buffalo?
72%
Where is... Birmingham?
71%
Where is... Little Rock?
70%
Where is... Boulder?
69%
Where is... Des Moines?
65%
Where is... Knoxville?
65%
Where is... Charleston?
63%
Where is... St. Paul?
62%
Where is... Fort Worth?
62%
Where is... Augusta? (State capital)
53%
Where is... Tacoma?
51%
Where is... St. Petersburg?
51%
Where is... Hilo?
50%
Where is... Napa?
47%
Where is... Ann Arbor?
47%
Where is... Phoenix?
47%
Where is... West Palm Beach?
43%
Where is... Fresno?
37%
Where is... Grand Forks?
29%
Where is... Boise?
14%
No matching quizzes found
Score Distribution
Percent of People with Each Score
Percentile by Number Answered
Your Score History
You have not taken this quiz